000 00339nam a2200133Ia 4500
008 230524s9999 xx 000 0 und d
020 _a9788189998301
100 _aNapoleon Hill
245 0 _aThink and Grow Rich
260 _bThree Ess Publications
500 _aQuantity Number: 2
650 _aPersonality Development
942 _cBK
999 _c50696
_d50696